BIBLIOTHÈQUE DE LA MAISON DU MEXIQUE

Logo 1 Logo 2

Pensamiento político (notice nᵒ 913)

détails MARC
000 -Sello discográfico
campo de control de longitud fija 01102nam a2200337 4500
005 - Identificación de versión
campo de control 20251017062820.0
010 ## - Número Estándar Internacional de Libros (ISBN)
Número (ISBN) 968-842-145-6
035 ## - Otros números de control del sistema
Número de control del sistema 21321
099 ## - fechas locales
Tipo de ítem Koha LIBRO
100 ## - Datos de procesamiento general
Datos de procesamiento general 19960723d1988 m y1spay5003 ba
105 ## - Campo de datos codificados: Material textual, monográfico
Datos codificados de monografía y 001zy
200 1# - Título y mención de responsabilidad
Título propio Pensamiento político
Designación general del material texto impreso
Otra información del título antología
Primer mención de responsabilidad Andrés Serra Rojas
Declaración de responsabilidad subsiguiente compilación Enrique Serra Rojas Beltri
-- liminar por Jesús Castañón Rodríguez
205 ## - Declaración de edición
Declaración de edición 1a ed
210 ## - Publicación, distribución, etc.
Lugar de publicación, distribución, etc. México
Nombre del editor, distribuidor, etc. Miguel Angel Porrúa
Fecha de publicación, distribución, etc. 1988
215 ## - Descripción física
Designación de material específico y extensión del ítem 319 p
Dimensiones 23 cm
345 ## - Nota de información de adquisición
Fuente de adquisición/dirección de la suscripción [OBSOLETO] Intercambio
410 #1 - Series
Título Biblioteca Mexicana de Escritores Políticos
600 ## - Nombre personal usado como materia
Elemento de entrada Serra Rojas
Parte del nombre distinta del elemento de entrada Andrés
Fechas 1904-2001
Número Koha 2461
607 ## - Nombre geográfico utilizado como tema
Elemento de entrada México
Subdivisión temática Política y gobierno
Número Koha 390
660 ## - Código de área geográfica
Código MX
700 ## - Nombre personal - Responsabilidad primaria
Elemento de entrada Serra Rojas
Parte del nombre distinta del elemento de entrada Andrés
Fechas 1904-2001
Número Koha 2461
702 ## - Nombre personal - Responsabilidad secundaria
Elemento de entrada Castañón Rodríguez
Parte del nombre distinta del elemento de entrada Jesús
Número Koha 2462
702 ## - Nombre personal - Responsabilidad secundaria
Elemento de entrada Serra Rojas Beltri
Parte del nombre distinta del elemento de entrada Enrique
Número Koha 2463
801 #0 - Fuente de origen
Agencia cm
900 ## -
-- 1/12596
900 ## -
-- 710962089\\230796
942 ## - ELEMENTOS DE ENTRADA SECUNDARIOS (KOHA)
Tipo de ítem Koha Livre
996 ## -
-- MEX
-- 751145101
-- MMAG
-- 006181
-- 330.972 S487PP
-- 20220301LIV
Exemplaires
Estatus retirado Estado de daño Estado de pérdida Fecha de adquisición Biblioteca de origen Biblioteca actual Ubicación en estantería Código de barras Precio de reemplazo Signatura topográfica completa No para préstamo Tipo de ítem Koha Nota pública Nota no pública
      05/08/2025 Casa México Paris Casa México Paris   006181 05/08/2025 330.972 S487PP   Livre 20220301LIV 751145101